Elements of the Theory of Functions and functional Analysis / (Record no. 8302)

MARC details
000 -LEADER
fixed length control field 00525nam a22001937a 4500
003 - CONTROL NUMBER IDENTIFIER
control field OSt
005 - DATE AND TIME OF LATEST TRANSACTION
control field 20240612101543.0
008 - FIXED-LENGTH DATA ELEMENTS--GENERAL INFORMATION
fixed length control field 240422b |||||||| |||| 00| 0 eng d
020 ## - INTERNATIONAL STANDARD BOOK NUMBER
International Standard Book Number 0486406830
040 ## - CATALOGING SOURCE
Transcribing agency DDC
082 ## - DEWEY DECIMAL CLASSIFICATION NUMBER
Classification number 515.7 KOL 1999
100 ## - MAIN ENTRY--PERSONAL NAME
Relator code Kolmogorov A.N.,Fomin S.V.
245 ## - TITLE STATEMENT
Title Elements of the Theory of Functions and functional Analysis /
260 ## - PUBLICATION, DISTRIBUTION, ETC. (IMPRINT)
Place of publication, distribution, etc. New York,
Name of publisher, distributor, etc. Dover publications.
Date of publication, distribution, etc. 1961
300 ## - PHYSICAL DESCRIPTION
Extent vii;128p.
Other physical details Ill,
Dimensions 21.5cm.
504 ## - BIBLIOGRAPHY, ETC. NOTE
Bibliography, etc index.
650 ## - SUBJECT ADDED ENTRY--TOPICAL TERM
Topical term or geographic name as entry element Mathematics
942 ## - ADDED ENTRY ELEMENTS (KOHA)
Source of classification or shelving scheme Dewey Decimal Classification
Koha item type Open Shelf
Holdings
Withdrawn status Lost status Source of classification or shelving scheme Damaged status Not for loan Home library Current library Date acquired Source of acquisition Inventory number Total Checkouts Full call number Barcode Date last seen Price effective from Koha item type
    Dewey Decimal Classification     MUST Main Library MUST Main Library 22/04/2024 purchase 06/28297   515.7 KOL 1999 2024-0143 22/04/2024 22/04/2024 Open Shelf
    Dewey Decimal Classification     MUST Main Library MUST Main Library 12/06/2024 Purchase 2005/24927   515.7 KOL 1999 2024-20306 12/06/2024 12/06/2024 Open Shelf
    Other/Generic Classification Scheme     MUST Main Library MUST Main Library 12/06/2024 purchase 04/22638   515.7 KOL 1999 2024-20397 12/06/2024 12/06/2024 Open Shelf
    Other/Generic Classification Scheme     MUST Main Library MUST Main Library 12/06/2024 purchase o4/22640   515.7 KOL 1999 2024-20398 12/06/2024 12/06/2024 Open Shelf
    Other/Generic Classification Scheme     MUST Main Library MUST Main Library 14/06/2024 purchase 06/28296   515.7 KOL 1999 2024-20565 14/06/2024 14/06/2024 Open Shelf
    Dewey Decimal Classification     MUST Main Library MUST Main Library 17/06/2024 purchase 04/22639   515.7 KOL 1999 2024-20627 17/06/2024 17/06/2024 Open Shelf
    Dewey Decimal Classification     MUST Main Library MUST Main Library 18/06/2024 Purchase 2004/22637   515.7 KOL 1999 2024-20821 18/06/2024 18/06/2024 Open Shelf